Statistics for Countries that Border India

Click here to take the quiz!

General Stats

  • This quiz has been taken 25 times
  • The average score is 6 of 6

Answer Stats

Country% Correct
Bangladesh
100%
China
100%
Nepal
100%
Pakistan
100%
Myanmar
96%
Bhutan
88%

Score Distribution

Percentile by Number Answered

Percent of People with Each Score

Your Score History

You have not taken this quiz